Délmagyarország. - 1930. augusztus 20., Szerda
Elmentve itt :
| Dokumentumtípus: | Újság |
|---|---|
| Megjelent: |
1930-08-20
|
| Sorozat: | Délmagyarország
6 No. 186 |
| Online Access: | http://dmarchiv.bibl.u-szeged.hu/6265 |
| LEADER | 00487nas a2200145 i 4500 | ||
|---|---|---|---|
| 001 | delm6265 | ||
| 005 | 20200414150623.0 | ||
| 008 | 171213s1930 hu n o 0|| hun d | ||
| 022 | |a 0133-025X | ||
| 040 | |a SZTE Délmagyarország Archívum |b hun | ||
| 041 | |a hun | ||
| 245 | 0 | 0 | |a Délmagyarország. - 1930. augusztus 20., Szerda |h [elektronikus dokumentum] |
| 260 | |c 1930-08-20 | ||
| 490 | 0 | |a Délmagyarország |v 6 No. 186 | |
| 856 | 4 | 0 | |u http://dmarchiv.bibl.u-szeged.hu/6265/1/dm_1930_186.pdf |z Dokumentum-elérés |